| 000 | 01076nam a2200301 i 4500 | ||
|---|---|---|---|
| 003 | DO-SdBNP | ||
| 005 | 20240424111858.0 | ||
| 007 | ta | ||
| 008 | 240424s2000 dr ad 000 0 spa d | ||
| 020 | _a8482611607 | ||
| 040 |
_aDO-SdBNP _bspa _cBNPHU _erda |
||
| 082 |
_bS161 _222 |
||
| 100 | 1 |
_aSalazar Flores, Violeta _eautora _985301 |
|
| 245 | 0 | 0 |
_aMatemáticas 3 : _beducación básica / _cVioleta Salazar Flores ; dirección editorial Obdulia García de Escobar ; ilustración Ruddy Núñez, Frank Suárez. |
| 264 | 1 |
_aSanto Domingo : _bSantillana, _c2000. |
|
| 300 |
_a63 páginas _bilustraciones, graficas _c28 cm. |
||
| 336 |
_2rdacontent _atexto _btxt |
||
| 337 |
_2rdamedia _asin mediación _bn |
||
| 338 |
_2rdacarrier _avolumen _bnc |
||
| 490 | 1 | _aUmbral | |
| 500 | _aLa biblioteca posee el cuaderno de trabajo. | ||
| 590 | _aInventariado, 2024/ YL | ||
| 700 | 1 |
_aGarcía Escobar, Obdulia de _edirección _929220 |
|
| 700 | 1 |
_aNúñez, Ruddy, _eilustraciones _923171 |
|
| 700 | 1 |
_aSuárez, Frank _eilustraciones _910209 |
|
| 910 | _aYLockward | ||
| 942 |
_2ddc _cLBS1 |
||
| 999 |
_c56482 _d56482 |
||